Spotlight (Record no. 114400)

MARC details
000 -LEADER
fixed length control field 00921cad a22001935a 4500
001 - CONTROL NUMBER
control field L156758
008 - FIXED-LENGTH DATA ELEMENTS--GENERAL INFORMATION
fixed length control field 120710s2012 xxk f 000 0 eng d
035 ## - SYSTEM CONTROL NUMBER
System control number (Sirsi) u156758
041 0# - LANGUAGE CODE
Language code of text/sound track or separate title eng
110 2# - MAIN ENTRY--CORPORATE NAME
Corporate name or jurisdiction name as entry element Savills
9 (RLIN) 2020
245 00 - TITLE STATEMENT
Title Spotlight
Medium The world in London
-- [electronic resource]
260 ## - PUBLICATION, DISTRIBUTION, ETC.
Place of publication, distribution, etc. London
Name of publisher, distributor, etc. Savills
Date of publication, distribution, etc. 2012
520 ## - SUMMARY, ETC.
Summary, etc. Overseas buyers are increasing active in London's prime resale and new build markets. 34% of all prime residential London resales in 2011 and 65% of new build purchasers were from overseas purchasers. 66% of those purchasing property from overseas intended to live in the property as their main residence.
590 ## - LOCAL NOTE (RLIN)
Local note KA NTK
651 #4 - SUBJECT ADDED ENTRY--GEOGRAPHIC NAME
Geographic name London
690 ## - LOCAL SUBJECT ADDED ENTRY--TOPICAL TERM (OCLC, RLIN)
Topical term or geographic name as entry element Residential property
9 (RLIN) 6266
856 40 - ELECTRONIC LOCATION AND ACCESS
Uniform Resource Identifier <a href="https://pdf.euro.savills.co.uk/uk/spotlight-on/spotlight-on-the-world-in-london-july-2012.pdf">https://pdf.euro.savills.co.uk/uk/spotlight-on/spotlight-on-the-world-in-london-july-2012.pdf</a>
Public note View the report after free registration at www.savills.co.uk
942 ## - ADDED ENTRY ELEMENTS (KOHA)
Suppress in OPAC 0
Holdings
Withdrawn status Lost status Source of classification or shelving scheme Damaged status Not for loan Home library Current library Shelving location Date acquired Total Checkouts Full call number Barcode Date last seen Copy number Price effective from Koha item type
    Dewey Decimal Classification     Virtual Virtual Online 10/07/2012   ONLINE PUBLICATION 156758-2001 06/08/2019 1 06/08/2019 Book